|
|
|
|
| LEADER |
00778nta a2200169 i 4500 |
| 001 |
dipl31135 |
| 005 |
20130314091513.0 |
| 008 |
110829s2008 hu om 0|| zxx d |
| 040 |
|
|
|a SZTE Diploma Repozitórium
|b hun
|
| 041 |
|
|
|a zxx
|
| 100 |
1 |
|
|a Timár István Szilveszter
|
| 245 |
1 |
2 |
|a A megújuló energiaforrások jogi szabályozása, lehetőségei és korlátai Magyarországon
|h [elektronikus dokumentum] /
|c István Szilveszter Timár
|
| 246 |
1 |
0 |
|a Legal regulation, possibilites and limits of the renewable energy sources in Hungary
|h [elektronikus dokumentum]
|
| 260 |
|
|
|c 2008
|
| 650 |
|
4 |
|a Jogi és igazgatási tanulmányok
|
| 700 |
1 |
|
|a Horváth Szilvia
|e ths
|
| 856 |
4 |
0 |
|u http://diploma.bibl.u-szeged.hu/id/eprint/31135/1/2008_timar_istvan_szilveszter_144_2008.pdf
|z Dokumentum-elérés
|